Statistics for 10 Biggest cities in the Dominican Republic

Click here to take the quiz!

General Stats

  • This quiz has been taken 26 times
  • The average score is 2 of 10

Answer Stats

Population City % Correct
2 200 000Santo Domingo
100%
210 000La Romana
26%
155 000San Cristobal
26%
1 200 000Santiago de los Caballeros
13%
220 000San Pedro de Macoris
13%
700 000Santo Domingo Oeste
9%
700 000Santo Domingo Este
9%
125 000San Francisco de Macoris
9%
145 000Perto Plata
0%
125 000Salvaleon de Higuey
0%

Score Distribution

Percentile by Number Answered

Percent of People with Each Score

Your Score History

You have not taken this quiz